| 000 | 00864cam a2200193 4500 | ||
|---|---|---|---|
| 001 | ABS66897 | ||
| 008 | 030808n2003 000 0 eng u | ||
| 035 | _a(Sirsi) u123239 | ||
| 100 | _aBooty, F. | ||
| 245 | 2 | _aA fresh look at the workplace - case sudy: EMCORE Facilities Services and GlaxoSmithKline | |
| 260 | _c2003 | ||
| 490 |
_aRICS Facilities Management Faculty Feature _v8 August 2003 (4) |
||
| 520 | _aUses the relationship between GlaxoSmithKline and EMCOR Facilities Services to illustrate the FUSION contract model. FUSION stands for fairness, unity, seemless, initiative, openness and no blame. Considers problems and achivements to date, as well as the companies' views on the way forward. | ||
| 590 | _aABS | ||
| 650 | _aFACILITIES MANAGEMENT CONTRACTS | ||
| 650 | _aOUTSOURCING | ||
| 690 | _aMANAGEMENT-FACILITIES MANAGEMENT | ||
| 942 | _n0 | ||
| 999 |
_c73191 _d73191 |
||